Statistics for 20 Cities with highest Traffic Index

Click here to take the quiz!

General Stats

  • This quiz has been taken 67 times
  • The average score is 7 of 20

Answer Stats

CITY % Correct
Beijing
84%
London
83%
Los Angeles
80%
Moscow
58%
Mexico City
55%
Rio de Janeiro
50%
Rome
47%
Istanbul
42%
Bangkok
41%
Saint Petersburg
39%
Ł{ódź}
34%
Warsaw
27%
D{ublin}
22%
Tianjin
17%
Bucharest
16%
Chengdu
11%
B{elfast}
9%
Recife
5%
Salvador
5%
P{alermo}
3%

Score Distribution

Percentile by Number Answered

Percent of People with Each Score

Your Score History

You have not taken this quiz